Sports Quiz

Random Sports or WWE Quiz

Current WWE Roster (as of 21 Nov. 2010) Quiz Stats

 Plays Quiz not verified by Sporcle

Score 0/85 Timer 13:00
0 Plays Today
Brand Personality % Correct
RAWJohn Cena
91.1%
RAWRandy Orton
82.3%
Smackdown!Kane
78.6%
Smackdown!Edge
78.2%
Smackdown!Undertaker
77.8%
RAWWade Barrett
75.1%
RAWTriple H
74.3%
RAWCM Punk
72.6%
RAWThe Miz
71.4%
Smackdown!Rey Mysterio
70.4%
RAWSheamus
69.3%
Smackdown!The Big Show
69.3%
RAWHeath Slater
67.9%
DivasLayla
67.9%
Smackdown!Dolph Ziggler
67.5%
Smackdown!Cody Rhodes
67.3%
DivasMichelle McCool
67.1%
RAWTed DiBiase
66.5%
RAWJustin Gabriel
66.5%
Misc.Michael Cole
66.3%
RAWJohn Morrison
65.4%
RAWDaniel Bryan
64%
Smackdown!Alberto del Rio
64%
Smackdown!Christian
62.6%
RAWDavid Otunga
62.3%
Smackdown!Kofi Kingston
62.1%
DivasNatalya
62.1%
DivasBrie Bella
61.9%
DivasKelly Kelly
61.5%
Brand Personality % Correct
Misc.Jerry 'the King' Lawler
61.3%
DivasNikki Bella
61.1%
DivasEve Torres
60.3%
RAWMark Henry
59.5%
Smackdown!Jack Swagger
59.3%
DivasMaryse
59.1%
RAWEvan Bourne
58.9%
RAWSantino Marella
58.9%
Misc.Vickie Guerrero
57.8%
RAWR-Truth
57.6%
Smackdown!Chavo Guerrero
57.2%
DivasMelina
57%
RAWTyson Kidd
56.8%
DivasBeth Phoenix
56.8%
RAWVladimir Kozlov
55.8%
RAWDavid Hart Smith
55.8%
RAWGoldust
54.9%
RAWZack Ryder
53.3%
Smackdown!Drew McIntyre
53.3%
RAWWilliam Regal
52.9%
Smackdown!M.V.P.
50.8%
RAWHusky Harris
50.2%
RAWEzekiel Jackson
49.8%
DivasGail Kim
48.4%
RAWPrimo
48.1%
RAWAlex Riley
48.1%
RAWJey Uso
47.7%
RAWJimmy Uso
47.7%
RAWDarren Young
46.3%
Brand Personality % Correct
RAWSkip Sheffield
46.1%
Misc.Matt Striker
45.7%
RAWThe Great Khali
45.3%
RAWMichael Tarver
44.6%
RAWYoshi Tatsu
44%
Misc.Vince McMahon
43.6%
DivasTamina
42.2%
Smackdown!Tyler Reks
41.2%
Misc.Hornswoggle
41.2%
Smackdown!Curt Hawkins
41.1%
Smackdown!JTG
41.1%
DivasAlicia Fox
40.7%
Misc.Teddy Long
40.3%
Smackdown!Chris Masters
40.1%
RAWMichael McGillicutty
39.7%
Misc.Josh Mathews
38.7%
Smackdown!Kaval
38.3%
Misc.Todd Grisham
38.3%
DivasRosa Mendes
37.9%
Misc.Justin Roberts
32.7%
Misc.Bret Hart
32.1%
Misc.Tony Chimel
30.2%
Smackdown!Trent Barreta
28%
Misc.Paul Bearer
24.5%
Misc.Ricardo Rodriguez
23.9%
Smackdown!Joseph Mercury
21.2%
Misc.Runjin Singh
16.7%

You're not logged in!

Compare scores with friends on all Sporcle quizzes.
OR
Log In

Show Comments

Extras

Top Quizzes Today


Score Distribution

Your Account Isn't Verified!

In order to create a playlist on Sporcle, you need to verify the email address you used during registration. Go to your Sporcle Settings to finish the process.

Report this User

Report this user for behavior that violates our Community Guidelines.

Details: